000 00647nam a2200217Ia 4500
005 20241129104407.0
008 241129s9999||||xx |||||||||||||| ||und||
020 _a9789354424533
037 _aTextual
040 _aRTL
_beng
_cRTL
041 _aeng
_2eng
084 _aY9(W).49G R3
_qRTL
100 _aChaturvedi Ruchi
_9726178
245 0 _aViolence of democracy: Interparty conflict in South India
_cChaturvedi Ruchi
260 _aNew Delhi
_bOrient Blackswan
_c2023
300 _axx,250p.
365 _aINR
_b1125
650 _aViolence of Democracy
_9726179
942 _cTB
_hY9(W).49G R3
999 _c1225705
_d1225705